000 00511nam a2200169Ia 4500
999 _c21234
_d21234
003 OSt
005 20200615121952.0
008 190216s9999||||xx |||||||||||||| ||und||
020 _a9788126130634
040 _coclc
082 _a306.0954
_bKAU/I
100 _aKaur, Satvinder
_92892
245 0 _aIndian Culture A Socio-Spiritual Profile /
_cSatvinder Kaur
260 _bAnmol Publications,
_c2008.
_aNew Delhi:
300 _a342p
942 _cBK
_2ddc
_h306.0954
_iKAU/I
_k306.0954
_mKAU/I